| 000 | 02569cam a2200433 i 4500 | ||
|---|---|---|---|
| 001 | 193989 | ||
| 003 | SpMaBN | ||
| 005 | 20250804062658.0 | ||
| 008 | 231207s2010 sp | |||| 000 f spa | ||
| 015 | _aMON10 | ||
| 017 |
_aNA 2774-2010 _bOficina Depósito Legal Navarra |
||
| 020 | _a9788498383003 | ||
| 035 | _a(OCoLC)796324378 | ||
| 040 |
_aSpMaBN _bspa _cSpMaBN _erdc |
||
| 080 | _a821.111(417)-31"19" | ||
| 100 |
_aBoyne, John, _d1971- _0XX1799770 _9235541 _eaut |
||
| 240 | 1 | 4 |
_aThe House of Special Purpose _lEspañol |
| 245 | 1 | 3 |
_aLa casa del propósito especial / _cJohn Boyne ; [traducción, Patricia Antón de Vez] |
| 250 |
_a1ª ed. junio 2010 _b3ª ed. octubre 2010 |
||
| 260 |
_aBarcelona : _bSalamandra ; _c2010 |
||
| 300 |
_a409 páginas ; _c20 cm |
||
| 336 |
_2rdacontent _atexto |
||
| 337 |
_2rdamedia _asin mediación |
||
| 338 |
_2rdacarrier _avolumen |
||
| 490 | 1 |
_aLetras de bolsillo (Ediciones Salamandra) ; _v89 |
|
| 520 | _aMientras acompaña a su esposa Zoya, que agoniza en un hospital de Londres, Georgi Danilovich Yáchmenev rememora la vida que han compartido durante sesenta y cinco años, una vida marcada por un gran secreto que nunca ha salido a la luz. Los recuerdos se agolpan en una sucesión de imágenes imborrables, a partir de aquel lejano día en que Georgi abandonó su mísero pueblo natal para formar parte de la guardia personal de Alexis Romanov, el único hijo varón del zar Nicolás II. Así, la fastuosa vida en el Palacio de Invierno, las intimidades de la familia imperial, los hechos que precedieron a la revolución bolchevique y, finalmente, la reclusión y posterior ejecución de los Romanov se entremezclan con el durísimo exilio en París y Londres en una hermosa historia de un amor improbable, al mismo tiempo un apasionante relato histórico y una conmovedora tragedia íntima. | ||
| 594 | _aTítulo original: The House of Special Purpose | ||
| 655 | 0 |
_aNovelas _9234319 |
|
| 700 |
_aAntón de Vez, Patricia _etrl _9240494 |
||
| 830 | 0 |
_aLetras de bolsillo (Ediciones Salamandra) ; _v89 _9235542 |
|
| 852 |
_aES-MaACL _bR.155004 _cDEPOJ _jN-9785 _xEncuadernación rústica _hDonación: José Lázaro García _9205560 |
||
| 903 |
_9234219 _aLázaro García, José _ednr |
||
| 942 |
_cMONOGRAFIA _n0 |
||
| 999 |
_c193989 _d193989 |
||